| 000 | 00362pab a2200145 454500 | ||
|---|---|---|---|
| 008 | 180718b1988 xxu||||| |||| 00| 0 eng d | ||
| 100 | _aFeldman, David | ||
| 245 |
_aJudicial review _bA way of controlling Governement |
||
| 260 | _c1988 | ||
| 300 | _a21-34 | ||
| 362 | _aSpring | ||
| 650 | _aJudicial Review | ||
| 773 | _aPublic Administration | ||
| 909 | _a11558 | ||
| 999 |
_c11558 _d11558 |
||